000 00599nam a2200205Ia 4500
005 20230323151233.0
008 131103s9999 xx 000 0 und d
040 _aLoreto College
041 _aEnglish
082 _a822.91
_bAUD
100 _aAuden,W.H.
245 4 _aThe dog beneath the skin or where is Francis
_b a play in three acts
_cW.H.Auden and Chritopher Isherwood
260 _aLondon
_bFaber
_c1969
300 _a180 p.
650 _aAuden,Wystan Hugh,1907 - 73
651 _aIsherwood, Christopher,1904 - 86
700 _aIsherwood,Christopher
850 _aLCLIB
942 _cBK
999 _c4283
_d54762